000 00225 a2200085 4500
020 _a9781616890360
100 _aKIMBERLY ELAM
245 _aGEOMETRY OF DESIGN, 2ND ED REVISED AND UPDATED
260 _bPRINCETON ARCHITECTURAL PRESS
999 _c13089
_d13089